Gender Identity Disorder and Psychosexual Problems in Children and Adolescents /

Uloženo v:
Podrobná bibliografie
Hlavní autor: Zucker, Kenneth J.
Další autoři: Bradley, Susan J.
Médium: Kniha
Jazyk:angličtina
Vydáno: New York : Guilford press, 1995
Tagy: Přidat tag
Žádné tagy, Buďte první, kdo vytvoří štítek k tomuto záznamu!

MARC

LEADER 00000nam a22000007i 4500
001 IT\ICCU\PUV\1421648
003 ItRI
005 20250731102246.0
008 150512s1995 xxu|||||| ||||| |||||c
020 |a 0898622662 
020 |a 9780898622669 
040 |b ita  |c ct 
041 7 |a eng  |2 ISO-639-2 
082 |a 618.92858  |2 21 
100 1 |a Zucker, Kenneth J.  |0 IT\ICCU\TSAV\012634 
245 1 0 |a Gender Identity Disorder and Psychosexual Problems in Children and Adolescents /  |c Kenneth J. Zucker, Susan J. Bradley. 
260 |a New York :  |b Guilford press,  |c 1995 
300 |a XI, 440 p. :  |b ill. ;  |c 24 cm 
700 1 |a Bradley, Susan J.  |0 IT\ICCU\UBOV\703397 
942 |2 ddc  |c BK 
952 |0 0  |1 0  |2 ddc  |4 0  |6 B_SMD03ZUCKEGEN11  |7 0  |9 8176  |a MI  |b MI  |d 2005-08-10  |i 4948  |l 0  |o B-SMD03-ZUCKE-GEN11  |p CDOM4948  |r 2025-07-17 21:50:22  |w 2025-07-17  |x ACQUISTO  |y BK 
981 1 |6 z01  |a i   |b xxxe  
982 1 |6 z01  |a n 
999 |c 6842  |d 6842